Harry Potter- dopasuj Ksiażke do nazwy rozdziału - Statystyki

Ogólne statystyki
  • Ten quiz został rozwiązany 1 901 razy
  • Średni wynik to 15 z 15
Statystyki odpowiedzi
Nazwa rodziału Harry Potter i... % Poprawnych
"Strażnik kluczy" Kamień Filozoficzny
99%
"Norweski smok kolczasty" Kamień Filozoficzny
99%
"Eliksir Wielosokowy" Komnata Tajemnic
98%
"Aragog" Komnata Tajemnic
98%
"Złośliwy tłuczek" Komnata Tajemnic
98%
"Magiczne Dowcipy Weasleyów" Czara Ognia
97%
"Piori Incantatem" Czara Ognia
97%
"Luka w planie" Insygnia Śmierci
97%
"Życie i kłamstwa Albusa Dumbledore'a" Insygnia Śmierci
97%
"Jaskinia" Ksiaże Półkrwi
97%
"Bardzo mroźne Boże Narodzenie" Książe Półkrwi
97%
"Złość Snape'a" więzień Azkabanu
96%
"Pocałunek Dementora" więzień Azkabanu
96%
"Początek drugiej wojny" Zakon Feniksa
96%
"Sumy" Zakon Feniksa
96%
Nie znaleziono quizów pasujących do podanych kryteriów
Rozkład punktacji
Procent ludzi z każdym wynikiem
Percentyl według liczby udzielonych odpowiedzi
Twoja historia wyników
Nie rozwiązałeś tego quizu